[Event "Pula op 13th"]
[Site "Pula"]
[Date "1999.06.06"]
[Round "8"]
[White "Kosmac, Blaz"]
[Black "Jakubovic, Nedzad"]
[Result "0-1"]
[WhiteElo "2148"]
[BlackElo "2250"]
[PlyCount "120"]
[EventDate "1999.05.??"]
[Source "www.chesslib.no"]
[SourceDate "2004.05.04"]

1. e4 e5 2. Nf3 Nc6 3. Bc4 Bc5 4. c3 Bb6 5. d4 Qe7 6. Bg5 Nf6 7. d5 Nd8 8. d6 cxd6 9. Na3 Bxf2+ 10. Kf1 Bb6 11. Nb5 d5 12. Bxd5 Qc5 13. Qe2 Nxd5 14. exd5 O-O 15. Rd1 a6 16. Na3 e4 17. Ne1 d6 18. h3 Ne6 19. Bc1 Bd7 20. Nec2 Nd8 21. Be3 Qc7 22. Bxb6 Qxb6 23. Nc4 Qc5 24. Qxe4 Bb5 25. N2a3 f5 26. Qd4 Nf7 27. Kf2 Bxc4 28. Nxc4 b5 29. Qxc5 dxc5 30. Na5 Nd6 31. Rhe1 Rac8 32. Nc6 Ne4+ 33. Kf3 Rf6 34. Re3 Kf7 35. c4 bxc4 36. Ra3 g5 37. Rxa6 g4+ 38. Kf4 Nf2 39. Rf1 Nd3+ 40. Kg3 f4+ 41. Kh2 gxh3 42. Ra7+ Kg8 43. Kxh3 Kh8 44. Ne7 Nxb2 45. Kg4 Nd3 46. Kg5 Rcf8 47. Rf3 Ne5 48. Rh3 R6f7 49. Rha3 Rg7+ 50. Kh5 Rxg2 51. R3a6 Rg7 52. Rf6 Rgf7 53. Rxf7 Nxf7 54. Nf5 c3 55. Ra3 Ne5 56. Kg5 Nf3+ 57. Kxf4 c2 58. Rc3 Nd4 59. Rxc5 Rxf5+ 60. Ke4 Rf1 0-1

[Event "3. Savaria Summer Open"]
[Site "?"]
[Date "2003.07.20"]
[Round "2"]
[White "Barcsi Judit"]
[Black "Nagy Bence"]
[Result "0-1"]
[WhiteElo "2105"]
[BlackElo "2292"]
[PlyCount "92"]
[EventDate "2003.??.??"]
[Source "www.chesslib.no"]
[SourceDate "2004.05.04"]

1. e4 e5 2. Nf3 Nc6 3. Bc4 Bc5 4. c3 Qf6 5. O-O d6 6. a4 a6 7. b4 Bb6 8. d3 Nge7 9. Bg5 Qg6 10. Kh1 Bg4 11. Nbd2 h6 12. Bh4 Qh5 13. b5 Ng6 14. Bg3 Nce7 15. Qb3 O-O 16. a5 axb5 17. axb6 bxc4 18. Qxc4 c6 19. Qb4 Rad8 20. Ra7 Rd7 21. d4 Nc8 22. Ra8 f6 23. Re1 Kh7 24. Re3 Re7 25. Nc4 Rfe8 26. Na5 exd4 27. cxd4 Rxe4 28. Rxe4 Rxe4 29. Ng1 c5 30. Qb3 Be6 31. Qc2 Qd5 32. dxc5 dxc5 33. f3 Rd4 34. Bf2 Rd2 35. Qxc5 Qa2 36. Bg3 Rxg2 37. Qe3 Bf5 38. Nc6 Rxg1+ 39. Qxg1 Qxa8 40. Nd4 Qa5 41. Bc7 Qd5 42. Qe3 Bh3 43. Kg1 Nd6 44. Kf2 Nf5 45. Nxf5 Qa2+ 46. Ke1 Bxf5 0-1